000 00806nam a2200241Ia 4500
003 OSt
005 20220923221557.0
006 a|||||r|||| 00| 0
007 ta
008 220922b |||||||| |||| 00| 0 hin d
024 _a198,341
037 _cTextual
040 _aARTS
_cARTS
_bhin
041 _2hin
_ahin
082 _aP152:1, M9
100 _aशीतांशु, इन्दु
_9156369
245 0 _aप्रोक्ति
_b स्वरुप संरचना और शैली
246 _aProkti: svarup sanrachanā aur shailī
260 _aहोशियारपुर
_b प्रतिभा प्रकाशन
_c1989
300 _a124पृ.
_ccm.
942 _hP152:1, M9
_cTEXL
_2CC
999 _c350187
_d350187